La profesora de piano (Registro nro. 48708)

Detalles MARC
000 -ENCABEZADO
Número de control [NR] 02599nam a2200385Ia 4500
005 - FECHA Y HORA DE LA ÚLTIMA TRANSACCIÓN
control field 20140802112902.0
008 - DE LONGITUD FIJA DE DATOS DE ELEMENTOS - INFORMACIÓN GENERAL
Elementos de longitud fija [NR] 130821s2001 ck g q mlfr d
040 ## - FUENTE DE CATALOGACION [NR]
Agencia de catalogación original [NR] CO-BoUCM
Idioma de catalogación [NR] spa
Quien Cataloga
Quien Clasifica [Nuevo]
041 ## - CODIGO DE IDIOMA [R]
Código de idioma para texto/pista de sonido o título separado [R] Francés
092 ## - SIGNATURA TOPOGRAFICA LOCAL
Número de clasificación local DVD 0065
245 00 - MENCION DE TITULO [NR]
Título [NR] La profesora de piano
Mención de responsabilidad, etc. [NR] Michael Haneke, director
Medio físico [NR] [DVD]
246 13 - FORMA VARIANTE DEL TITULO [R]
Título propiamente dicho/forma breve del título [NR] La Pianiste
246 13 - FORMA VARIANTE DEL TITULO [R]
Título propiamente dicho/forma breve del título [NR] La Pianista
260 ## - PUBLICACION, DISTRIBUCION, ETC. (PIE DE IMPRENTA) [R]
Lugar de publicación, distribución, etc. [R] Bogotá (Cundinamarca, Colombia)
Nombre del editor, distribuidor, etc. [R] Cineplex
Fecha de publicación, distribución, etc. [R] 2001
300 ## - DESCRIPCION FISICA [R]
Extensión [R] 1 DVD, 129 minutos
Otros detalles físicos [NR] imagen, sonido, color
500 ## - NOTA GENERAL [R]
Nota general [NR] SINOPSIS : Erika es una profesora de piano cuarentona que vive con su madre, una señora cuyas únicas motivaciones para seguir viviendo son el hipotético futuro que ella ha construido para su hija como gran concertista de piano, y la bebida en la que disuelve sus abundantes ratos de soledad contra un televisor. Erika oculta a su madre, que se obstina en tenerla permanentemente controlada, sus oscuras relaciones con el sexo: sus visitas a cabinas de sex-shops, sus experiencias voyeurísticas o sus preferencias masoquistas. La irrupción en su vida de Walter un joven pianista autodidacta que proclama su admiración por la pianista y, más tarde, su amor por ella, desbarata los pilares en que se fundamentaba su vida
508 ## - NOTA DE CREDITOS DE CREACION/PRODUCCION [R]
Nota de créditos de creación/producción [NR] CRÉDITOS: Escrita y dirigida por Michael Haneke ; producida por Veit Heiduschka ; fotografía por Christian Berger ; diseño de producción por Christoph Kanter ; ambientación por Hans Wagner ; vestuario por Annette Beaufays ; maquillaje por Françoise Andrejka
511 0# - NOTA DE PARTICIPANTE O INTERPRETE [R]
Nota de participante o intérprete [NR] REPARTO: Isabelle Huppert, Annie Girardot, Benoît Magimel, Susanne Lothar, Udo Samel, Anna Sigalevitch, Cornelia Köndgen, Thomas Weinhappel, Georg Friedrich, Philipp Heiss
520 ## - NOTA DE RESUMEN, ETC. [R]
Nota de sumario, etc. [NR] Basada en la novela "La pianista" de Elfriede Jelinek
546 ## - NOTA DE IDIOMA [R]
Nota de idioma [NR] Audio en francés. Subtítulos en español
650 04 - ASIENTO SECUNDARIO DE MATERIA - TERMINO TEMATICO [R]
Término temático o nombre geográfico como elemento de entrada [NR] Amor en el cine
Subdivisión de forma [R] DVD
9 (RLIN) 57043
650 04 - ASIENTO SECUNDARIO DE MATERIA - TERMINO TEMATICO [R]
Término temático o nombre geográfico como elemento de entrada [NR] Entretenimiento
9 (RLIN) 26487
650 04 - ASIENTO SECUNDARIO DE MATERIA - TERMINO TEMATICO [R]
Término temático o nombre geográfico como elemento de entrada [NR] Literatura en el cine
9 (RLIN) 18647
650 04 - ASIENTO SECUNDARIO DE MATERIA - TERMINO TEMATICO [R]
Término temático o nombre geográfico como elemento de entrada [NR] Literatura europea
9 (RLIN) 26524
650 04 - ASIENTO SECUNDARIO DE MATERIA - TERMINO TEMATICO [R]
Término temático o nombre geográfico como elemento de entrada [NR] Música en el cine
Subdivisión de forma [R] DVD
9 (RLIN) 19993
650 04 - ASIENTO SECUNDARIO DE MATERIA - TERMINO TEMATICO [R]
Término temático o nombre geográfico como elemento de entrada [NR] Películas cinematográficas
Subdivisión de forma [R] DVD
9 (RLIN) 7903
650 04 - ASIENTO SECUNDARIO DE MATERIA - TERMINO TEMATICO [R]
Término temático o nombre geográfico como elemento de entrada [NR] Películas cinematográficas
Subdivisión de forma [R] DVD
-- Versiones cinematográficas
-- DVD
9 (RLIN) 56398
700 1# - ASIENTO SECUNDARIO - NOMBRE PERSONAL [R]
Nombre personal [NR] Haneke, Michael
Término de relación [R] director
9 (RLIN) 63536
710 2# - ASIENTO SECUNDARIO - NOMBRE CORPORATIVO [R]
Nombre corporativo o de jurisdicción como elemento de entrada [NR] Cineplex
9 (RLIN) 63537
710 2# - ASIENTO SECUNDARIO - NOMBRE CORPORATIVO [R]
Nombre corporativo o de jurisdicción como elemento de entrada [NR] Arte
9 (RLIN) 63538
710 2# - ASIENTO SECUNDARIO - NOMBRE CORPORATIVO [R]
Nombre corporativo o de jurisdicción como elemento de entrada [NR] MK2 Productions
9 (RLIN) 63539
765 0# - ASIENTO DE IDIOMA ORIGINAL [R]
Asiento principal [NR] La Pianiste
856 40 - LOCALIZACION Y ACCESO ELECTRONICOS [R]
Identificador Uniforme del Recurso (“URI”) [R] <a href="http://www.youtube.com/watch?v=tXO5TPVVkDg">http://www.youtube.com/watch?v=tXO5TPVVkDg</a>
Nota dirigida al público [R] Siga este enlace para ver el trailer
-- Trailer tomado del canal Gruppo Primavisione vía YouTube.com
942 ## - ELEMENTOS DE ENTRADA AGREGADOS (KOHA)
Koha item type Multimedia
Source of classification or shelving scheme LOCAL
Tema principal Entretenimiento
Edition 1
Classification part DVD 0065
Existencias
Suprimido Perdido Sistema de clasificación Dañado No prestable Tipo de ítem específico Ubicación habitual Ubicación actual Localización Fecha de creación Forma de adquisición Costo Total préstamos Signatura topográfica Código de barras Última vez visto Fecha de último préstamo Ejemplar Price effective from Tipo de ítem Total Renewals
    LOCAL   Préstamo restringido DVD Procesos Técnicos (no para préstamo) Procesos Técnicos (no para préstamo) Procesos Técnicos 28/02/2006 Compra 66010.00 11 DVD 0065 100077049 04/12/2025 07/05/2012 Ej.1 03/02/2013 Multimedia  
    LOCAL     DVD Quinta de Mutis Quinta de Mutis Colección digital 28/02/2006 Donación 26000.00 216 DVD 0065 100077050 12/12/2025 13/05/2016 Ej.2 03/02/2013 Multimedia 2